Kuki : (Record no. 4643)
[ view plain ]
| 000 -LEADER | |
|---|---|
| fixed length control field | 00525cam a2200205ua 4500 |
| 001 - CONTROL NUMBER | |
| control field | 5467 |
| 005 - DATE AND TIME OF LATEST TRANSACTION | |
| control field | 20260515113907.0 |
| 008 - FIXED-LENGTH DATA ELEMENTS--GENERAL INFORMATION | |
| fixed length control field | 120923n ii |||gr||||Z||||||eng |
| 040 ## - CATALOGING SOURCE | |
| Transcribing agency | MAIN |
| 082 ## - DEWEY DECIMAL CLASSIFICATION NUMBER | |
| Classification number | 305.8 |
| 100 ## - MAIN ENTRY--PERSONAL NAME | |
| Personal name | Goswami, Tarun, |
| Relator term | Author. |
| 245 1# - TITLE STATEMENT | |
| Title | Kuki : |
| Remainder of title | life and lore / |
| Statement of responsibility, etc. | by Tarun Goswami . |
| 250 ## - EDITION STATEMENT | |
| Edition statement | 1st. / |
| Remainder of edition statement | V. 1. |
| 260 ## - PUBLICATION, DISTRIBUTION, ETC. | |
| Place of publication, distribution, etc. | Haflong: |
| Name of publisher, distributor, etc. | North Cachar Hills District Council, |
| Date of publication, distribution, etc. | 1985. |
| 300 ## - PHYSICAL DESCRIPTION | |
| Extent | xviii,580p.,xx. |
| 653 ## - INDEX TERM--UNCONTROLLED | |
| Uncontrolled term | Sociology |
| 653 ## - INDEX TERM--UNCONTROLLED | |
| Uncontrolled term | Ethnic group |
| 653 ## - INDEX TERM--UNCONTROLLED | |
| Uncontrolled term | Kuki |
| 942 ## - ADDED ENTRY ELEMENTS (KOHA) | |
| Koha item type | Books |
| Withdrawn status | Lost status | Damaged status | Not for loan | Home library | Current library | Shelving location | Date acquired | Total checkouts | Full call number | Barcode | Date last seen | Copy number | Price effective from | Koha item type |
|---|---|---|---|---|---|---|---|---|---|---|---|---|---|---|
| Naharkatiya College Library | Naharkatiya College Library | General stacks | 09/19/2020 | 305.8Sociology | GOS | 10596 | 09/19/2020 | 2 | 09/19/2020 | Books | |||||
| Naharkatiya College Library | Naharkatiya College Library | General stacks | 09/19/2020 | 305.8Sociology | GOS | 10597 | 09/19/2020 | 1 | 09/19/2020 | Books |